000 00723nam a2200277Ia 4500
005 20260324114113.0
008 008 260324s9999 xx 000 0 eng d
020 _a9781003403272
037 _aEBOOK
040 _aCRL
040 _beng
040 _cCRL
041 _2eng
041 _aeng
084 _qCRL
100 _aDale R Patrick; Stephen W. Fardo; Ray E. Richardson; Vigyan (Vigs) Chandra
_91149449
245 0 _aElectronic Devices and Circuit Fundamentals, Solution Manual
260 _bTaylor and Francis
260 _c2023
365 _a
365 _b125
856 _uhttp://www.taylorfrancis.com/books/9781003403272
942 _cEBOOK
999 _c1739447
_d1739447